000 00650nam a2200277Ia 4500
005 20260324150926.0
008 008 260324s9999 xx 000 0 eng d
020 _a9780203706091
037 _aEBOOK
040 _aCRL
040 _beng
040 _cCRL
041 _2eng
041 _aeng
084 _qCRL
100 _aJ. W. Allen
_91227650
245 2 _aA History of Political Thought in the 16th Century
260 _bTaylor and Francis
260 _c1928
365 _a
365 _b300
856 _uhttp://www.taylorfrancis.com/books/9780203706091
942 _cEBOOK
999 _c1838386
_d1838386